Le Ragazze Di Sanfreddiano

Uloženo v:
Podrobná bibliografie
Hlavní autor: Vasco Pratolini
Médium: Kniha
Jazyk:neznámý jazyk
Vydáno: Oscar Mondatori
Tagy: Přidat tag
Žádné tagy, Buďte první, kdo vytvoří štítek k tomuto záznamu!

MARC

LEADER 00000nam a2200000Ia 4500
001 R-563
003 CODICE-MESSINA
005 20260212102453.0
008 260211s9999 xx 000 0 und d
040 |c importazione_messina 
100 |a Vasco Pratolini 
245 0 |a Le Ragazze Di Sanfreddiano 
260 |b Oscar Mondatori 
942 |2 ddc  |c BK 
952 |0 0  |1 0  |2 ddc  |4 0  |6 SCAFFALE_5_000000000000000__ROMANZI  |7 0  |9 31384  |a ME  |b ME  |d 2026-02-11  |l 0  |o SCAFFALE 5 - ROMANZI  |p R-563  |r 2026-02-11 23:52:31  |w 2026-02-11  |x [REVISIONARE]  |y BK 
999 |c 27049  |d 27049